书目信息 |
| 题名: |
三国英雄记
|
|
| 作者: | 南门太守 著 | |
| 分册: | 二 群雄天子梦 | |
| 出版信息: | 北京 华文出版社 2019.1 |
|
| 页数: | 306页 | |
| 开本: | 23cm | |
| 丛书名: | ||
| 单 册: | ||
| 中图分类: | K236.09 | |
| 科图分类: | ||
| 主题词: | 三国时代--san guo shi dai--历史--通俗读物 | |
| 电子资源: | ||
| ISBN: | 978-7-5075-4949-2 | |
| 000 | 01032nam0 2200277 450 | |
| 001 | 2157979843 | |
| 005 | 20211012162504.45 | |
| 010 | @a978-7-5075-4949-2@dCNY58.00 | |
| 100 | @a20181127d2019 em y0chiy0120 ea | |
| 101 | 0 | @achi |
| 102 | @aCN@b110000 | |
| 105 | @ay z 000yy | |
| 106 | @ar | |
| 200 | 1 | @a三国英雄记@Asan guo ying xiong ji@h二@i群雄天子梦@f南门太守著 |
| 210 | @a北京@c华文出版社@d2019.1 | |
| 215 | @a306页@d23cm | |
| 304 | @a200字段分辑号取自书脊 | |
| 312 | @a封面英文共同题名:Heroes of the three kingdoms | |
| 330 | @a本书分为独夫终于死了、激湍与暗流、兖州争夺战、流血的归途、风云变幻、巩固新朝廷、配角退场、决战前夜八章,具体内容包括:士人们的血、世上原本无貂蝉、唱一曲《董逃歌》、掖门藏杀机等。 | |
| 510 | 1 | @aHeroes of the three kingdoms@zeng |
| 517 | 1 | @a群雄天子梦@Aqun xiong tian zi meng |
| 606 | 0 | @a三国时代@Asan guo shi dai@x历史@j通俗读物 |
| 690 | @aK236.09@v5 | |
| 701 | 0 | @a南门太守@Anan men tai shou@4著 |
| 801 | 0 | @aCN@b百万庄@c20211006 |
| 905 | @b1305799-5800@dK236.09@e153:2@f2 | |
| 三国英雄记.二.群雄天子梦/南门太守著.-北京:华文出版社,2019.1 |
| 306页;23cm |
| ISBN 978-7-5075-4949-2:CNY58.00 |
| 本书分为独夫终于死了、激湍与暗流、兖州争夺战、流血的归途、风云变幻、巩固新朝廷、配角退场、决战前夜八章,具体内容包括:士人们的血、世上原本无貂蝉、唱一曲《董逃歌》、掖门藏杀机等。 |
| ● |
| 相关链接 |
|
|
|
|
正题名:三国英雄记
索取号:K236.09/153:2
 
预约/预借
| 序号 | 登录号 | 条形码 | 馆藏地/架位号 | 状态 | 备注 |
| 1 | 1305799 | 213057993 | 第二样本阅览室/ [索取号:K236.09/153:2] | 在馆 | |
| 2 | 1305800 | 213058000 | 第二借阅区/ [索取号:K236.09/153:2] | 在馆 |